000 00720nam a22002777a 4500
003 UA-OsUOA
001 24209
007 ta
008 20040211b un ||||| |||| 00| 0 ukr d
100 _aАшин Г.К.
700 _aПонеделков А.В.
700 _aИгнатов В.Г.
090 _a323.39(075.8)
_bА98
942 _cBK
040 _aUA-OsUOA
_brus
_cUA-OsUOA
_dUA-OsUOA
245 _aОсновы политической елитологии
_bучебное пособие
300 _a304 с.
955 _a2
041 _arus
080 _a323.39(075.8)
020 _a5-7990-0307-1
260 _aМосква
_bПриор
_c1999
044 _aRU
650 7 _2UDC
999 _c310474
_d310474